000 00532nmm a2200169Ia 4500
008 251105s9999||||xx |||||||||||||||||und||
020 _a9788476589878
041 _aspa
100 _aVallverdú, Jordi
245 0 _a¡Hasta la vista, baby! Un ensayo sobre los tecnopensamientos
264 _a[Madrid, España] :
_bAnthropos,
_c2011
300 _a208 páginas
490 _aAutores, textos y temas. Nueva Ciencia
650 _aTechnology and computing
856 _uhttps://public.digitaliapublishing.com/a/15721
942 _cCF
999 _c85289
_d85289